000 00750nam a2200241Ia 4500
003 OSt
005 20220918215507.0
006 a|||||r|||| 00| 0
007 ta
008 220917b |||||||| |||| 00| 0 eng d
024 _a141,496
037 _cTextual
040 _aARTS
_cARTS
_beng
041 _2eng
_aeng
082 _aY1:5::5:N7, G7
110 _aLeague Of Nations. Economic, Financial And Transit (-Department)
_9124971
245 0 _aFuture population of Europe and the Soviet Union
_b population projections, 1940-1970
260 _c1937
650 _aSOCIOLOGY
700 _aLeague Of Nations. Economic, Financial And Transit (-Department)
_9124972
942 _hY1:5::5:N7, G7
_cTEXL
_2CC
999 _c264457
_d264457